000 00303nam a22001457a 4500
008 210514b ||||| |||| 00| 0 eng d
020 _a9780495601425
041 _aeng
080 _a316
082 _a316
100 _a50
101 _aSOC
245 _aSOCIOLOGY
_cChris Caldeira
942 _2udc
_cBK
999 _c57358
_d57358